[Event "CZE-ch U10 2020"]
[Site "Kouty nad Desnou"]
[Date "2020.03.09"]
[Round "3.11"]
[White "Milek, Tobias"]
[Black "Letal, Hynek"]
[Result "1/2-1/2"]
[WhiteElo "1163"]
[BlackElo "1127"]
[Annotator "NA RC"]
[PlyCount "110"]
[EventDate "2020.03.07"]
[EventCountry "CZE"]
[SourceTitle "playchess.com"]
[Source "ChessBase"]
[SourceQuality "1"]
[TimeControl "5400+30"]

1. e4 {[%emt 0:00:00]} c5 {[%emt 0:00:00]} 2. Nf3 {[%emt 0:00:00]} d6 {[%emt 0:00:00]} 3. d4 {[%emt 0:00:00]} cxd4 {[%emt 0:00:00]} 4. Nxd4 {[%emt 0:00:00]} Nf6 {[%emt 0:00:00]} 5. Nc3 {[%emt 0:00:00]} g6 {[%emt 0:00:00]} 6. g3 {[%emt 0:00:45]} Bg7 {[%emt 0:00:16]} 7. Bg2 {[%emt 0:00:10]} O-O {[%emt 0:00:20]} 8. O-O {[%emt 0:00:12]} Nc6 {[%emt 0:00:19]} 9. Be3 {[%emt 0:00:19]} Bd7 {[%emt 0:00:39]} 10. Re1 {[%emt 0:01:33]} Ng4 {[%emt 0:00:19]} 11. Nxc6 {[%emt 0:01:32]} Bxc6 {[%emt 0:00:18]} 12. Qxg4 {[%emt 0:00:07]} Rc8 {[%emt 0:01:20]} 13. Bd2 {[%emt 0:00:45]} f5 {[%emt 0:00:59]} 14. exf5 {[%emt 0:01:23]} Bxg2 {[%emt 0:01:11]} 15. Kxg2 {[%emt 0:00:21]} Rxf5 {[%emt 0:00:37]} 16. Qe4 {[%emt 0:01:07]} e5 {[%emt 0:05:36]} 17. Qd5+ {[%emt 0:01:15]} Kh8 {[%emt 0:00:39]} 18. Qxb7 {[%emt 0:02:08]} Rc7 {[%emt 0:01:00]} 19. Qe4 {[%emt 0:02:28]} Rcf7 {[%emt 0:00:49]} 20. Rf1 {[%emt 0:00:48]} Qb6 {[%emt 0:01:21]} 21. Nd1 {[%emt 0:01:22]} Qb5 {[%emt 0:04:02]} 22. Ne3 {[%emt 0:05:59]} Qe2 {[%emt 0:04:29]} 23. Be1 {[%emt 0:03:05]} Bh6 {[%emt 0:01:49]} 24. Bd2 {[%emt 0:09:00]} Rxf2+ {[%emt 0:01:57]} 25. Rxf2 {[%emt 0:00:50]} Rxf2+ {[%emt 0:00:09]} 26. Kg1 {[%emt 0:00:57]} Qxd2 {[%emt 0:00:56]} 27. Nf1 {[%emt 0:00:44]} Qxc2 {[%emt 0:01:29]} 28. Qa8+ {[%emt 0:01:49]} Rf8 {[%emt 0:00:49]} 29. Qxa7 {[%emt 0:01:04]} Qxb2 {[%emt 0:02:10]} 30. Re1 {[%emt 0:00:48]} Qc3 {[%emt 0:01:38]} 31. Rb1 {[%emt 0:00:40]} Qc5+ {[%emt 0:01:35]} 32. Qxc5 {[%emt 0:00:14]} dxc5 {[%emt 0:00:08]} 33. Re1 {[%emt 0:00:13]} Re8 {[%emt 0:01:11]} 34. a4 {[%emt 0:00:32]} Kg7 {[%emt 0:00:12]} 35. a5 {[%emt 0:00:14]} Kf6 {[%emt 0:00:06]} 36. g4 {[%emt 0:00:23]} Bf4 {[%emt 0:00:38]} 37. Ne3 {[%emt 0:00:48]} Bxe3+ {[%emt 0:00:23]} 38. Rxe3 {[%emt 0:00:04]} Ra8 {[%emt 0:00:15]} 39. Ra3 {[%emt 0:00:04]} e4 {[%emt 0:00:09]} 40. Kf2 {[%emt 0:00:06]} Ke5 {[%emt 0:00:09]} 41. Ke3 {[%emt 0:00:08]} g5 {[%emt 0:00:32]} 42. a6 {[%emt 0:00:18]} Kd5 {[%emt 0:00:14]} 43. Ra5 {[%emt 0:00:32]} Ra7 {[%emt 0:00:43]} 44. h3 {[%emt 0:00:18]} h6 {[%emt 0:00:06]} 45. Ra4 {[%emt 0:00:06]} c4 {[%emt 0:02:04]} 46. Ra5+ {[%emt 0:00:13]} Kc6 {[%emt 0:00:05]} 47. Kxe4 {[%emt 0:00:22]} c3 {[%emt 0:00:47]} 48. Kd3 {[%emt 0:00:11]} Kb6 {[%emt 0:03:56]} 49. Ra3 {[%emt 0:00:30]} Rd7+ {[%emt 0:01:10]} 50. Kxc3 {[%emt 0:00:36]} Ka7 {[%emt 0:00:05]} 51. Kc2 {[%emt 0:00:47]} Rd6 {[%emt 0:00:28]} 52. Ra4 {[%emt 0:00:47]} Re6 {[%emt 0:01:38]} 53. Kd2 {[%emt 0:00:35]} Rb6 {[%emt 0:00:31]} 54. Kc2 {[%emt 0:00:51]} Rf6 {[%emt 0:00:42]} 55. Ra3 {[%emt 0:00:42]} Rf2+ {[%emt 0:00:22]} 1/2-1/2

[Event "CZE-ch U10 2020"]
[Site "Kouty nad Desnou"]
[Date "2020.03.09"]
[Round "3.12"]
[White "Srba, Daniel"]
[Black "Soucek, Andrej"]
[Result "1-0"]
[WhiteElo "1145"]
[BlackElo "1043"]
[Annotator "NA RC"]
[PlyCount "115"]
[EventDate "2020.03.07"]
[EventCountry "CZE"]
[SourceTitle "playchess.com"]
[Source "ChessBase"]
[SourceQuality "1"]
[TimeControl "5400+30"]

1. e4 {[%emt 0:00:00]} c5 {[%emt 0:00:00]} 2. Nf3 {[%emt 0:00:59]} Nc6 {[%emt 0:00:26]} 3. d4 {[%emt 0:00:54]} cxd4 {[%emt 0:00:18]} 4. Nxd4 {[%emt 0:01:31]} g6 {[%emt 0:01:21]} 5. b3 {[%emt 0:02:01]} Bg7 {[%emt 0:02:44]} 6. Bb2 {[%emt 0:02:18]} Nf6 {[%emt 0:00:38]} 7. f3 {[%emt 0:01:28]} O-O {[%emt 0:03:39]} 8. Nxc6 {[%emt 0:03:33]} dxc6 {[%emt 0:00:15]} 9. Nc3 {[%emt 0:00:16]} Qxd1+ {[%emt 0:00:26]} 10. Rxd1 {[%emt 0:00:14]} Be6 {[%emt 0:00:23]} 11. Bd3 {[%emt 0:01:12]} Rfd8 {[%emt 0:02:26]} 12. O-O {[%emt 0:00:56]} Bh6 {[%emt 0:03:16]} 13. f4 {[%emt 0:06:04]} Kf8 {[%emt 0:02:42]} 14. e5 {[%emt 0:02:57]} Nd5 {[%emt 0:00:22]} 15. Ne2 {[%emt 0:00:50]} Ne3 {[%emt 0:00:13]} 16. Rde1 {[%emt 0:02:28]} Nxf1 {[%emt 0:00:15]} 17. Rxf1 {[%emt 0:00:14]} Bf5 {[%emt 0:00:45]} 18. Bxf5 {[%emt 0:00:24]} gxf5 {[%emt 0:00:09]} 19. Ng3 {[%emt 0:01:28]} e6 {[%emt 0:00:22]} 20. Nh5 {[%emt 0:00:52]} Rd2 {[%emt 0:00:45]} 21. Bc1 {[%emt 0:04:30]} Rxc2 {[%emt 0:00:17]} 22. h3 {[%emt 0:00:45]} Rxa2 {[%emt 0:00:17]} 23. Be3 {[%emt 0:00:39]} b6 {[%emt 0:00:37]} 24. Rf3 {[%emt 0:00:47]} Rd8 {[%emt 0:00:35]} 25. Kh2 {[%emt 0:00:36]} Rd3 {[%emt 0:00:21]} 26. Nf6 {[%emt 0:00:37]} Re2 {[%emt 0:01:00]} 27. Bc5+ {[%emt 0:00:18]} bxc5 {[%emt 0:00:40]} 28. Rxd3 {[%emt 0:00:06]} Bxf4+ {[%emt 0:00:52]} 29. Kg1 {[%emt 0:00:22]} Bxe5 {[%emt 0:00:48]} 30. Kf1 {[%emt 0:00:37]} Rc2 {[%emt 0:06:37]} 31. Nd7+ {[%emt 0:00:08]} Kg7 {[%emt 0:01:46]} 32. Nxe5 {[%emt 0:00:33]} Rc1+ {[%emt 0:01:09]} 33. Kf2 {[%emt 0:00:38]} Rc2+ {[%emt 0:00:25]} 34. Kf3 {[%emt 0:00:11]} Kf6 {[%emt 0:01:03]} 35. Nxc6 {[%emt 0:00:19]} e5 {[%emt 0:00:36]} 36. Rd6+ {[%emt 0:04:16]} Kg5 {[%emt 0:00:34]} 37. Nxe5 {[%emt 0:00:36]} Rc3+ {[%emt 0:00:58]} 38. Rd3 {[%emt 0:00:10]} Rxd3+ {[%emt 0:00:26]} 39. Nxd3 {[%emt 0:00:18]} Kf6 {[%emt 0:00:46]} 40. Nxc5 {[%emt 0:00:10]} Ke5 {[%emt 0:00:30]} 41. Na6 {[%emt 0:03:44]} h5 {[%emt 0:00:36]} 42. Nb4 {[%emt 0:00:22]} Ke6 {[%emt 0:00:55]} 43. Kf4 {[%emt 0:00:18]} Kf6 {[%emt 0:00:24]} 44. Nc6 {[%emt 0:00:49]} Ke6 {[%emt 0:00:43]} 45. Nxa7 {[%emt 0:00:06]} Kd5 {[%emt 0:00:22]} 46. Kxf5 {[%emt 0:00:32]} Kd4 {[%emt 0:00:21]} 47. Kg5 {[%emt 0:00:18]} Kc3 {[%emt 0:00:20]} 48. Kxh5 {[%emt 0:00:09]} Kxb3 {[%emt 0:00:15]} 49. Kg5 {[%emt 0:00:06]} Kc2 {[%emt 0:00:09]} 50. h4 {[%emt 0:00:17]} Kd3 {[%emt 0:00:09]} 51. h5 {[%emt 0:00:13]} Ke4 {[%emt 0:00:08]} 52. h6 {[%emt 0:00:25]} Ke3 53. h7 {[%emt 0:00:20]} Kf2 {[%emt 0:00:10]} 54. h8=Q {[%emt 0:00:13]} f6+ {[%emt 0:00:08]} 55. Qxf6+ {[%emt 0:00:17]} Kxg2 {[%emt 0:00:13]} 56. Kg4 {[%emt 0:00:18]} Kg1 {[%emt 0:00:28]} 57. Kg3 {[%emt 0:01:21]} Kh1 {[%emt 0:00:18]} 58. Qf1# 1-0

[Event "CZE-ch U10 2020"]
[Site "Kouty nad Desnou"]
[Date "2020.03.09"]
[Round "4.1"]
[White "Gorej, Vojtech"]
[Black "Delgerdalai, Bayarjavkhlan"]
[Result "0-1"]
[WhiteElo "1360"]
[BlackElo "1553"]
[Annotator "NA"]
[PlyCount "56"]
[EventDate "2020.03.07"]
[EventCountry "CZE"]
[SourceTitle "playchess.com"]
[Source "ChessBase"]
[SourceQuality "1"]
[TimeControl "5400+30"]

1. e4 {[%emt 0:00:00]} c5 {[%emt 0:00:00]} 2. Nf3 {[%emt 0:00:25]} d6 {[%emt 0:00:00]} 3. d4 {[%emt 0:00:22]} cxd4 {[%emt 0:00:02]} 4. Nxd4 {[%emt 0:00:23]} Nf6 {[%emt 0:00:20]} 5. Nc3 {[%emt 0:00:53]} a6 {[%emt 0:00:17]} 6. Be3 {[%emt 0:00:41]} e6 {[%emt 0:00:32]} 7. Qd2 {[%emt 0:01:28]} Be7 {[%emt 0:00:24]} 8. f3 {[%emt 0:01:26]} Qc7 {[%emt 0:01:40]} 9. O-O-O {[%emt 0:00:48]} b5 {[%emt 0:01:19]} 10. Kb1 {[%emt 0:02:14]} Bb7 {[%emt 0:00:51]} 11. g4 {[%emt 0:01:52]} Nc6 {[%emt 0:02:47]} 12. Nxc6 {[%emt 0:02:33]} Bxc6 {[%emt 0:00:34]} 13. h4 {[%emt 0:00:36]} O-O {[%emt 0:04:33]} 14. g5 {[%emt 0:00:56]} Nd7 {[%emt 0:04:24]} 15. h5 {[%emt 0:00:18]} b4 {[%emt 0:02:35]} 16. Ne2 {[%emt 0:00:30]} Ne5 {[%emt 0:01:32]} 17. Bg2 {[%emt 0:02:31]} Nc4 {[%emt 0:02:00]} 18. Qd3 {[%emt 0:00:27]} Bb5 {[%emt 0:01:55]} 19. Qd4 {[%emt 0:03:46]} e5 {[%emt 0:00:26]} 20. Qd5 {[%emt 0:00:27]} Nxe3 {[%emt 0:00:08]} 21. Qb3 {[%emt 0:00:50]} Nxd1 {[%emt 0:02:45]} 22. g6 {[%emt 0:00:09]} Bxe2 {[%emt 0:03:00]} 23. f4 {[%emt 0:00:51]} Nf2 {[%emt 0:01:52]} 24. h6 {[%emt 0:01:44]} Nxh1 {[%emt 0:01:31]} 25. gxh7+ {[%emt 0:00:49]} Kxh7 {[%emt 0:00:33]} 26. hxg7 {[%emt 0:00:17]} Kxg7 {[%emt 0:00:23]} 27. Bxh1 {[%emt 0:00:31]} Rh8 {[%emt 0:00:11]} 28. Qg3+ {[%emt 0:00:26]} Kf8 {[%emt 0:00:08]} 0-1

[Event "CZE-ch U10 2020"]
[Site "Kouty nad Desnou"]
[Date "2020.03.09"]
[Round "4.2"]
[White "Krautschneider, Daniel Jan"]
[Black "Bouska, Jiri"]
[Result "1-0"]
[WhiteElo "1236"]
[BlackElo "1643"]
[Annotator "NA"]
[PlyCount "55"]
[EventDate "2020.03.07"]
[EventCountry "CZE"]
[SourceTitle "playchess.com"]
[Source "ChessBase"]
[SourceQuality "1"]
[TimeControl "5400+30"]

1. e4 {[%emt 0:00:00]} c5 {[%emt 0:00:00]} 2. Nf3 {[%emt 0:00:00]} Nc6 {[%emt 0:00:00]} 3. d4 {[%emt 0:00:06]} cxd4 {[%emt 0:00:00]} 4. Nxd4 {[%emt 0:00:09]} g6 {[%emt 0:00:00]} 5. Nc3 {[%emt 0:00:17]} Bg7 {[%emt 0:00:06]} 6. Be3 {[%emt 0:00:07]} Nf6 {[%emt 0:00:11]} 7. f3 {[%emt 0:00:10]} O-O {[%emt 0:00:07]} 8. Bc4 {[%emt 0:00:14]} Qb6 {[%emt 0:00:08]} 9. Qd2 {[%emt 0:00:59]} Qb4 {[%emt 0:00:46]} 10. Bb3 {[%emt 0:02:17]} Nxd4 {[%emt 0:01:56]} 11. Qxd4 {[%emt 0:03:01]} Qxd4 {[%emt 0:00:51]} 12. Bxd4 {[%emt 0:01:53]} d6 {[%emt 0:00:38]} 13. O-O-O {[%emt 0:01:43]} Be6 {[%emt 0:00:17]} 14. Bxf6 {[%emt 0:01:31]} Bxf6 {[%emt 0:00:26]} 15. Nd5 {[%emt 0:01:33]} Bxd5 {[%emt 0:00:14]} 16. Bxd5 {[%emt 0:00:12]} a5 {[%emt 0:00:29]} 17. h4 {[%emt 0:00:09]} a4 {[%emt 0:00:46]} 18. g4 {[%emt 0:00:44]} Ra6 {[%emt 0:00:57]} 19. g5 {[%emt 0:00:30]} Bg7 {[%emt 0:00:28]} 20. h5 {[%emt 0:00:17]} Rb6 {[%emt 0:00:10]} 21. b3 {[%emt 0:03:31]} axb3 {[%emt 0:05:02]} 22. Bxb3 {[%emt 0:00:14]} Ra8 {[%emt 0:01:57]} 23. f4 {[%emt 0:06:38]} e6 {[%emt 0:01:45]} 24. hxg6 {[%emt 0:08:11]} hxg6 {[%emt 0:00:14]} 25. Rhf1 {[%emt 0:00:34]} Rba6 {[%emt 0:00:21]} 26. f5 {[%emt 0:01:54]} Bc3 {[%emt 0:10:12]} 27. Rf3 {[%emt 0:01:36]} Be5 {[%emt 0:00:55]} 28. fxe6 {[%emt 0:02:23]} 1-0

[Event "CZE-ch U10 2020"]
[Site "Kouty nad Desnou"]
[Date "2020.03.09"]
[Round "4.3"]
[White "Alidis, Myron"]
[Black "Popov, Roman"]
[Result "1/2-1/2"]
[WhiteElo "1395"]
[BlackElo "2353"]
[Annotator "TA"]
[PlyCount "137"]
[EventDate "2020.03.07"]
[EventCountry "CZE"]
[SourceTitle "playchess.com"]
[Source "ChessBase"]
[SourceQuality "1"]

{[%evp 9,136,0,11,-30,-32,-34,-15,-94,-80,-143,-86,-105,-110,-118,-118,-135,-127,-120,-3,-8,-6,-39,-32,-35,-39,-39,-47,-46,0,-55,-54,-80,-77,-76,-56,-72,-68,-72,-68,-92,-67,-110,-104,-109,-119,-113,-58,-65,0,0,0,0,0,0,0,-116,0,0,0,-29,-5,-148,-107,-264,-257,-365,-106,-233,-270,-224,-145,-169,0,0,0,0,0,0,0,0,0,0,0,0,0,0,0,0,0,0,0,0,0,0,0,0,0,0,0,0,0,0,0,0,0,0,0,0,0,0,0,0,0,0,0,0,0,0,0,0,0,0,0,0,0,0,0,0,0]} 1. e4 c6 2. d4 d5 3. e5 c5 4. Nf3 Nc6 5. Be3 Bg4 6. Be2 {B12: Caro-Kann: Advance Variation.} (6. dxc5 {keeps more tension.} d4 7. Bf4 e6 8. h3 Bf5 9. Bd3) 6... Bxf3 7. Bxf3 e6 8. Nc3 {[#]} (8. c3 $11) 8... Nge7 $146 ({Predecessor:} 8... cxd4 9. Bxd4 Nxd4 10. Qxd4 Ne7 11. Be2 Nc6 12. Bb5 a6 13. Bxc6+ bxc6 14. O-O Rb8 {0-1 (78) Santos Burkholz,M (1471)-Casado Salvo,J (1629) Madrid 2016}) 9. Bg4 ({Better is} 9. O-O) 9... Ng6 (9... h5 $142 10. Be2 a6 11. dxc5 Nf5) 10. O-O cxd4 11. Bxd4 Ngxe5 12. Bxe5 Nxe5 13. Re1 Nc6 (13... Qg5 $17 14. h4 Qxg4 15. Rxe5 Qxd1+ 16. Rxd1 Kd7) 14. Nxd5 $11 Bd6 15. Nc3 O-O 16. Ne4 Be5 {And now ...f5 would win.} 17. Qxd8 Rfxd8 18. Bf3 Bf4 19. Rad1 (19. Nc5 $11) 19... Nd4 $15 20. c3 Nxf3+ 21. gxf3 Rac8 22. h3 Kf8 23. Kf1 Ke7 24. Ke2 h6 25. h4 h5 26. Rxd8 Rxd8 $17 {[%mdl 4096] Endgame KRB-KRN} 27. Rd1 Rc8 ({Black should play} 27... Rxd1 $17 28. Kxd1 b6) 28. Rd4 $15 f5 (28... b6 $15) 29. Ng3 $1 $11 Bxg3 30. fxg3 {KR-KR} e5 31. Rb4 b6 32. g4 (32. Ra4 $11 {keeps the balance.}) 32... g6 ({Black should try} 32... hxg4 $17 {White must now prevent ...g3.} 33. fxg4 g6) 33. gxh5 gxh5 34. Ke3 Ke6 35. f4 {[#]} (35. a4 $11 {remains equal.}) 35... e4 $1 $17 36. Rd4 $2 (36. Ra4 $17) 36... Rg8 $19 37. Ra4 (37. Rc4 {was called for.}) 37... a5 $2 (37... Rg3+ $19 {is more deadly.} 38. Ke2 Rf3 39. Rxa7 Rxf4) 38. b4 (38. Rc4 $17 {was the only chance.}) 38... Rg3+ 39. Kd2 Rd3+ 40. Ke2 {[#]} Rd5 $2 ({Resist} 40... Rxc3 41. bxa5 bxa5 42. Rxa5 $15) (40... Rf3 $1 $19 {[%cal Rf3f4]} 41. bxa5 bxa5 42. Rxa5 Rxf4 43. Ra6+ Ke5 44. Ra5+ Ke6 45. Ra6+ Kf7) 41. c4 $11 {The position is equal.} Rd3 42. bxa5 bxa5 43. Rxa5 Rh3 44. Ra6+ Kf7 45. c5 Ke7 46. Ra7+ Ke6 47. Rh7 Rxh4 48. c6 {c7 would kill now.} Rh2+ 49. Ke3 Rxa2 50. Rxh5 Rc2 51. Rh6+ Ke7 52. Kd4 Rc1 53. Ke5 Rc5+ 54. Kd4 Ra5 55. c7 Kd7 56. Rc6 Kc8 57. Rc2 Ra7 58. Rc5 Rxc7 59. Rxf5 Re7 60. Re5 (60. Ke3 {is interesting.}) 60... Rxe5 61. fxe5 e3 62. Kxe3 {KP-K} (62. Kc3 {seems wilder.}) 62... Kd7 63. Kd4 Ke6 64. Ke4 Ke7 65. Kf5 Kf7 66. e6+ Ke8 67. Kf6 Kf8 68. e7+ Ke8 69. Ke6 {Whites escaped into a draw. Accuracy: White = 69%, Black = 68%.} 1/2-1/2

[Event "CZE-ch U10 2020"]
[Site "Kouty nad Desnou"]
[Date "2020.03.09"]
[Round "4.4"]
[White "Stary, Vojtech"]
[Black "Svadlenka, Michal"]
[Result "1/2-1/2"]
[WhiteElo "1559"]
[BlackElo "1309"]
[Annotator "NA"]
[PlyCount "91"]
[EventDate "2020.03.07"]
[EventCountry "CZE"]
[SourceTitle "playchess.com"]
[Source "ChessBase"]
[SourceQuality "1"]
[TimeControl "5400+30"]

1. e4 {[%emt 0:00:00]} c5 {[%emt 0:00:00]} 2. Nf3 {[%emt 0:00:00]} d6 {[%emt 0:00:00]} 3. d4 {[%emt 0:00:00]} cxd4 {[%emt 0:00:04]} 4. Nxd4 {[%emt 0:00:00]} Nf6 {[%emt 0:00:17]} 5. Nc3 {[%emt 0:00:00]} g6 {[%emt 0:00:11]} 6. Be3 {[%emt 0:00:00]} Bg7 {[%emt 0:00:13]} 7. f3 {[%emt 0:00:07]} O-O {[%emt 0:00:16]} 8. Qd2 {[%emt 0:00:40]} Nc6 {[%emt 0:00:33]} 9. g4 {[%emt 0:00:52]} Bd7 {[%emt 0:00:29]} 10. h4 {[%emt 0:01:02]} h5 {[%emt 0:01:06]} 11. g5 {[%emt 0:02:27]} Ne8 {[%emt 0:00:32]} 12. O-O-O {[%emt 0:01:17]} Rb8 {[%emt 0:02:52]} 13. f4 {[%emt 0:03:30]} e6 {[%emt 0:02:23]} 14. Bh3 {[%emt 0:10:07]} e5 {[%emt 0:04:34]} 15. Nde2 Bxh3 {[%emt 0:07:21]} 16. Rxh3 {[%emt 0:11:47]} exf4 {[%emt 0:03:30]} 17. Bxf4 {[%emt 0:04:52]} Ne5 {[%emt 0:10:39]} 18. Bxe5 {[%emt 0:04:16]} Bxe5 {[%emt 0:00:30]} 19. Nd5 {[%emt 0:04:11]} Nc7 {[%emt 0:05:59]} 20. Nec3 {[%emt 0:02:34]} Nxd5 {[%emt 0:02:33]} 21. Nxd5 {[%emt 0:01:01]} Qd7 {[%emt 0:01:12]} 22. Rhh1 {[%emt 0:08:12]} Qa4 {[%emt 0:02:24]} 23. Kb1 {[%emt 0:07:55]} Qxe4 {[%emt 0:02:56]} 24. Nf6+ {[%emt 0:06:02]} Bxf6 {[%emt 0:00:22]} 25. gxf6 {[%emt 0:00:25]} Kh7 {[%emt 0:01:47]} 26. Qxd6 {[%emt 0:02:23]} Rbd8 {[%emt 0:01:46]} 27. Qe7 {[%emt 0:01:47]} Rxd1+ {[%emt 0:00:53]} 28. Rxd1 {[%emt 0:00:42]} Qxe7 {[%emt 0:00:05]} 29. fxe7 {[%emt 0:00:16]} Re8 {[%emt 0:00:27]} 30. Rd7 {[%emt 0:00:28]} Kg7 {[%emt 0:01:15]} 31. Rxb7 {[%emt 0:00:16]} a5 {[%emt 0:00:40]} 32. c3 {[%emt 0:00:43]} Kf6 {[%emt 0:00:24]} 33. Kc2 {[%emt 0:03:00]} Rxe7 {[%emt 0:00:21]} 34. Rxe7 {[%emt 0:00:39]} Kxe7 {[%emt 0:00:10]} 35. b4 {[%emt 0:01:22]} axb4 {[%emt 0:00:59]} 36. cxb4 {[%emt 0:00:19]} Kd6 {[%emt 0:00:05]} 37. Kd3 {[%emt 0:00:26]} f6 {[%emt 0:00:54]} 38. Ke4 {[%emt 0:00:43]} g5 {[%emt 0:01:03]} 39. hxg5 {[%emt 0:00:25]} fxg5 {[%emt 0:00:27]} 40. Kf3 {[%emt 0:00:46]} Kc6 {[%emt 0:00:43]} 41. a4 {[%emt 0:00:10]} Kb6 {[%emt 0:00:28]} 42. a5+ {[%emt 0:00:14]} Ka6 {[%emt 0:00:40]} 43. Kg3 {[%emt 0:00:06]} h4+ {[%emt 0:00:27]} 44. Kh3 {[%emt 0:00:09]} Kb5 {[%emt 0:00:12]} 45. Kg4 {[%emt 0:00:04]} Ka6 {[%emt 0:00:18]} 46. Kh3 {[%emt 0:00:05]} 1/2-1/2

[Event "CZE-ch U10 2020"]
[Site "Kouty nad Desnou"]
[Date "2020.03.09"]
[Round "4.5"]
[White "Chon, Jeremy"]
[Black "Bulawa, Adam"]
[Result "1-0"]
[WhiteElo "1449"]
[BlackElo "1014"]
[Annotator "NA"]
[PlyCount "125"]
[EventDate "2020.03.07"]
[EventCountry "CZE"]
[SourceTitle "playchess.com"]
[Source "ChessBase"]
[SourceQuality "1"]
[TimeControl "5400+30"]

1. d4 {[%emt 0:00:00]} d5 {[%emt 0:00:00]} 2. Nf3 {[%emt 0:00:00]} Nf6 {[%emt 0:00:00]} 3. e3 {[%emt 0:00:00]} Bg4 {[%emt 0:00:07]} 4. Nbd2 {[%emt 0:00:00]} e6 {[%emt 0:00:16]} 5. h3 {[%emt 0:00:10]} Bh5 {[%emt 0:00:22]} 6. Be2 {[%emt 0:00:47]} Bd6 {[%emt 0:01:05]} 7. O-O {[%emt 0:00:38]} Nbd7 {[%emt 0:00:28]} 8. c4 {[%emt 0:03:41]} c6 {[%emt 0:00:10]} 9. b3 {[%emt 0:01:59]} O-O {[%emt 0:00:25]} 10. Bb2 {[%emt 0:00:28]} Qc7 {[%emt 0:00:12]} 11. c5 {[%emt 0:04:13]} Be7 {[%emt 0:00:16]} 12. Rc1 {[%emt 0:03:27]} h6 {[%emt 0:03:31]} 13. Qc2 {[%emt 0:07:06]} Bg6 {[%emt 0:04:35]} 14. Bd3 {[%emt 0:03:42]} Bxd3 {[%emt 0:00:36]} 15. Qxd3 {[%emt 0:00:06]} b6 16. b4 {[%emt 0:07:12]} a5 {[%emt 0:06:28]} 17. a3 {[%emt 0:06:10]} axb4 {[%emt 0:01:54]} 18. axb4 {[%emt 0:00:27]} Rfb8 {[%emt 0:10:06]} 19. Ra1 {[%emt 0:04:26]} Kh8 {[%emt 0:06:30]} 20. Rxa8 {[%emt 0:02:40]} Rxa8 {[%emt 0:00:16]} 21. Ra1 {[%emt 0:00:29]} Rxa1+ {[%emt 0:01:46]} 22. Bxa1 {[%emt 0:00:43]} Kg8 {[%emt 0:02:01]} 23. Qa3 {[%emt 0:03:36]} bxc5 {[%emt 0:04:08]} 24. bxc5 {[%emt 0:00:17]} Qb7 {[%emt 0:04:57]} 25. Qa4 {[%emt 0:07:13]} g6 {[%emt 0:06:17]} 26. Nb3 {[%emt 0:09:08]} Bd8 {[%emt 0:00:50]} 27. Ne1 {[%emt 0:03:49]} Kg7 {[%emt 0:05:07]} 28. Nc2 {[%emt 0:01:26]} Nb8 {[%emt 0:04:53]} 29. Nb4 {[%emt 0:00:48]} h5 {[%emt 0:02:26]} 30. Bc3 {[%emt 0:06:04]} Ne4 {[%emt 0:01:27]} 31. Be1 {[%emt 0:00:11]} Nf6 {[%emt 0:01:23]} 32. Kf1 {[%emt 0:02:03]} Bc7 {[%emt 0:02:35]} 33. Ke2 {[%emt 0:00:52]} Ne4 {[%emt 0:00:22]} 34. Kd1 {[%emt 0:01:27]} Kh7 {[%emt 0:01:37]} 35. Kc2 {[%emt 0:01:05]} Nf6 {[%emt 0:01:17]} 36. Kb2 {[%emt 0:03:07]} Kg7 {[%emt 0:01:06]} 37. Nd3 {[%emt 0:01:49]} Na6 {[%emt 0:01:55]} 38. Ba5 {[%emt 0:03:08]} Bxa5 {[%emt 0:00:51]} 39. Qxa5 {[%emt 0:00:10]} Nd7 {[%emt 0:02:12]} 40. Ka3 {[%emt 0:01:13]} Nc7 {[%emt 0:02:58]} 41. Nb4 {[%emt 0:02:24]} Nb5+ {[%emt 0:00:46]} 42. Kb2 {[%emt 0:00:32]} Nf6 {[%emt 0:01:48]} 43. Qa6 {[%emt 0:00:35]} Qxa6 {[%emt 0:00:59]} 44. Nxa6 Nd7 {[%emt 0:01:40]} 45. Na5 {[%emt 0:00:43]} Na7 {[%emt 0:00:24]} 46. Nb4 {[%emt 0:00:44]} Nb8 {[%emt 0:00:20]} 47. g4 {[%emt 0:00:46]} hxg4 {[%emt 0:00:12]} 48. hxg4 {[%emt 0:00:05]} f5 {[%emt 0:00:14]} 49. g5 {[%emt 0:00:09]} Kf7 {[%emt 0:00:35]} 50. f4 {[%emt 0:00:21]} Ke7 {[%emt 0:00:13]} 51. Nd3 {[%emt 0:00:22]} Nd7 {[%emt 0:01:02]} 52. Kb3 {[%emt 0:00:49]} Kf7 {[%emt 0:00:20]} 53. Kb4 {[%emt 0:00:37]} Ke7 {[%emt 0:00:27]} 54. Nb7 {[%emt 0:01:01]} Nb5 {[%emt 0:02:11]} 55. Ka5 {[%emt 0:01:00]} Nc7 {[%emt 0:02:20]} 56. Nb4 {[%emt 0:01:30]} Nb8 {[%emt 0:00:12]} 57. Kb6 {[%emt 0:00:44]} Kd7 {[%emt 0:00:34]} 58. Na5 {[%emt 0:00:47]} Nb5 {[%emt 0:01:22]} 59. Naxc6 {[%emt 0:00:38]} Nxc6 {[%emt 0:00:19]} 60. Nxc6 {[%emt 0:00:12]} Nc3 {[%emt 0:00:30]} 61. Nb4 {[%emt 0:01:19]} Nd1 {[%emt 0:00:15]} 62. Nc2 {[%emt 0:00:22]} Nf2 {[%emt 0:00:32]} 63. Kb7 {[%emt 0:00:24]} 1-0

[Event "CZE-ch U10 2020"]
[Site "Kouty nad Desnou"]
[Date "2020.03.09"]
[Round "4.6"]
[White "Vana, Jan"]
[Black "Svadlenka, Dominik"]
[Result "1-0"]
[WhiteElo "1268"]
[BlackElo "1410"]
[Annotator "NA"]
[PlyCount "57"]
[EventDate "2020.03.07"]
[EventCountry "CZE"]
[SourceTitle "playchess.com"]
[Source "ChessBase"]
[SourceQuality "1"]
[TimeControl "5400+30"]

1. d4 {[%emt 0:00:00]} d5 {[%emt 0:00:00]} 2. c4 {[%emt 0:00:00]} e6 {[%emt 0:00:00]} 3. Nc3 {[%emt 0:00:16]} Nf6 4. cxd5 exd5 {[%emt 0:00:14]} 5. Bg5 {[%emt 0:00:42]} Be7 {[%emt 0:00:12]} 6. Nf3 {[%emt 0:00:44]} O-O {[%emt 0:00:23]} 7. e3 {[%emt 0:00:32]} Nbd7 {[%emt 0:00:19]} 8. Bd3 {[%emt 0:00:24]} b6 {[%emt 0:00:36]} 9. Rc1 {[%emt 0:00:32]} Bb7 {[%emt 0:00:49]} 10. O-O {[%emt 0:00:21]} c5 {[%emt 0:01:07]} 11. Bb1 {[%emt 0:00:56]} a6 {[%emt 0:01:33]} 12. Qc2 {[%emt 0:03:09]} c4 {[%emt 0:01:14]} 13. Ne5 {[%emt 0:03:09]} g6 {[%emt 0:01:51]} 14. Bh6 {[%emt 0:01:27]} Re8 {[%emt 0:01:41]} 15. f4 {[%emt 0:01:25]} b5 {[%emt 0:00:49]} 16. f5 {[%emt 0:01:03]} b4 {[%emt 0:01:10]} 17. Nxf7 Kxf7 18. fxg6+ {[%emt 0:05:29]} Kg8 {[%emt 0:06:18]} 19. Ne2 {[%emt 0:02:51]} Ne4 {[%emt 0:02:18]} 20. Ng3 {[%emt 0:03:08]} Ndf6 {[%emt 0:01:50]} 21. Qe2 {[%emt 0:01:40]} hxg6 {[%emt 0:04:23]} 22. Nxe4 {[%emt 0:01:44]} dxe4 {[%emt 0:01:11]} 23. g4 {[%emt 0:01:32]} Kh7 {[%emt 0:02:42]} 24. g5 {[%emt 0:01:20]} Nd5 {[%emt 0:00:59]} 25. Bxe4 {[%emt 0:01:10]} Bxg5 {[%emt 0:00:40]} 26. Qh5 {[%emt 0:03:10]} Qb6 {[%emt 0:09:10]} 27. Bxg5+ {[%emt 0:01:18]} Kg8 {[%emt 0:05:24]} 28. Bxg6 {[%emt 0:01:12]} Qc7 {[%emt 0:05:11]} 29. Bf7+ {[%emt 0:01:41]} 1-0